Southville International School and Colleges
Your cart is empty.
  • Cart
  • Lists
    Public lists Eva Luna New books Lux_list list_1
    Your lists Log in to create your own lists
  • Log in to your account
  • Your cookies
  • Search history
Southville International School and Colleges
  • Advanced search
  • Recent comments
  • Most popular
  • Libraries

Log in to your account

Log in with GOOGLE


If you do not have an external account, but do have a local account, you can still log in:

  1. Home
  2. MARC view: Teach yourself beginner's Chinese /
Normal view MARC view ISBD view

Teach yourself beginner's Chinese / (Record no. 16644)

[ view plain ]
MARC details
000 -LEADER
fixed length control field 01234cam a22003498a 4500
001 - CONTROL NUMBER
control field 13548664
003 - CONTROL NUMBER IDENTIFIER
control field OSt
005 - DATE AND TIME OF LATEST TRANSACTION
control field 20140310182832.0
008 - FIXED-LENGTH DATA ELEMENTS--GENERAL INFORMATION
fixed length control field 040405s2004 nyu 000 0 eng
010 ## - LIBRARY OF CONGRESS CONTROL NUMBER
LC control number 2004047142
020 ## - INTERNATIONAL STANDARD BOOK NUMBER
International Standard Book Number 0071424113
040 ## - CATALOGING SOURCE
Original cataloging agency DLC
Transcribing agency DLC
Modifying agency DLC
042 ## - AUTHENTICATION CODE
Authentication code pcc
050 00 - LIBRARY OF CONGRESS CALL NUMBER
Classification number PL 1129
Item number .Sc437 2004
082 00 - DEWEY DECIMAL CLASSIFICATION NUMBER
Classification number M 495.181
Item number SC7 2003
100 1# - MAIN ENTRY--PERSONAL NAME
Personal name Scurfield, Elizabeth.
245 10 - TITLE STATEMENT
Title Teach yourself beginner's Chinese /
Statement of responsibility, etc Scurfield, Elizabeth
260 ## - PUBLICATION, DISTRIBUTION, ETC. (IMPRINT)
Place of publication, distribution, etc New York :
Name of publisher, distributor, etc McGraw-Hill,
Date of publication, distribution, etc 2004.
263 ## - PROJECTED PUBLICATION DATE
Projected publication date 0405
300 ## - PHYSICAL DESCRIPTION
Extent xviii, 265 p. :
Dimensions 20 cm.
521 ## - TARGET AUDIENCE NOTE
Target audience note
526 ## - STUDY PROGRAM INFORMATION NOTE
Reading level 1210L to 1700L
541 ## - IMMEDIATE SOURCE OF ACQUISITION NOTE
-- 1
562 ## - COPY AND VERSION IDENTIFICATION NOTE
Number of copies 1 for circulation.1 copy available in the collection
650 #0 - SUBJECT ADDED ENTRY--TOPICAL TERM
Topical term or geographic name as entry element Chinese language
General subdivision Textbooks for foreign speakers
-- English.
700 1# - ADDED ENTRY--PERSONAL NAME
Personal name Song, Lianyi.
856 42 - ELECTRONIC LOCATION AND ACCESS
Materials specified Publisher description
Uniform Resource Identifier <a href="http://www.loc.gov/catdir/description/mh051/2004047142.html">http://www.loc.gov/catdir/description/mh051/2004047142.html</a>
856 42 - ELECTRONIC LOCATION AND ACCESS
Materials specified Contributor biographical information
Uniform Resource Identifier <a href="http://www.loc.gov/catdir/enhancements/fy0704/2004047142-b.html">http://www.loc.gov/catdir/enhancements/fy0704/2004047142-b.html</a>
906 ## - LOCAL DATA ELEMENT F, LDF (RLIN)
a 7
b rix
c orignew
d 1
e ocip
f 20
g y-gencatlg
942 ## - ADDED ENTRY ELEMENTS (KOHA)
Source of classification or shelving scheme Library of Congress Classification
Koha item type Books
Call number prefix
Holdings
Withdrawn status Lost status Source of classification or shelving scheme Damaged status Home library Current library Shelving location Date acquired Total Checkouts Full call number Barcode Date last seen Date checked out Copy number Price effective from Koha item type
    Library of Congress Classification   College Library College Library General Circulation Section 06/03/2013 1 PL 1129 .Sc437 2003 C8285 09/26/2023 09/19/2023 1 11/14/2013 Books

Teach yourself beginner's Chinese /

APA

Scurfield E., Song L., . (2004). Teach yourself beginner's Chinese. New York: McGraw-Hill.

Chicago

Scurfield Elizabeth, Song Lianyi, . 2004. Teach yourself beginner's Chinese. New York: McGraw-Hill.

Harvard

Scurfield E., Song L., . (2004). Teach yourself beginner's Chinese. New York: McGraw-Hill.

MLA

Scurfield Elizabeth, Song Lianyi, . Teach yourself beginner's Chinese. New York: McGraw-Hill. 2004.

  • Place hold
  • Print
  • Cite
  • Add to your cart (remove)
  • Save record
    BIBTEX Dublin Core MARCXML MARC (non-Unicode/MARC-8) MARC (Unicode/UTF-8) MARC (Unicode/UTF-8, Standard) MODS (XML) RIS
  • More searches
    Search for this title in:
    Other Libraries (WorldCat) Other Databases (Google Scholar) Online Stores (Bookfinder.com) Open Library (openlibrary.org)

Exporting to Dublin Core...

SOUTHVILLE LIBRARY

Southville International School and Colleges Library

1281 Tropical Ave. Cor. Luxembourg St., BF Homes International, Las Pinas City

Tel. No. 8256374 / 252358 Loc. 117/146

Powered by Koha